| 000 | 00523nam a22001817a 4500 | ||
|---|---|---|---|
| 999 |
_c171743 _d171743 |
||
| 005 | 20200120115226.0 | ||
| 010 | _aB-283987 | ||
| 020 |
_c40.00 _a9788126025299 |
||
| 035 | _aB-283987 | ||
| 037 | _bBPPD/Pub. | ||
| 082 | _a841.08 | ||
| 100 | _aقمر ریس | ||
| 245 |
_aعلی سردار جعفری / _cقمر ریس |
||
| 246 |
_aAli Sardar Jafri (Urdu) / _bby Qamar Rais |
||
| 260 |
_aNew Delhi _bSahitya Akademi _c2007 ء |
||
| 300 |
_a152p. _c21cm(Hb) |
||
| 942 |
_2ddc _cUR _h841.08 _mع ل ی |
||